Catálogo
 En Linea

Código penal de la República Dominicana : (Registro nro. 48734)

Detalles MARC
000 -CABECERA
campo de control de longitud fija 00827nam a2200253 i 4500
001 - NÚMERO DE CONTROL
campo de control 000049246
003 - IDENTIFICADOR DEL NÚMERO DE CONTROL
campo de control DO-SdBNP
005 - FECHA Y HORA DE LA ÚLTIMA TRANSACCIÓN
campo de control 20251121123632.0
007 - CAMPO FIJO DE DESCRIPCIÓN FÍSICA--INFORMACIÓN GENERAL
campo de control de longitud fija ta
008 - DATOS DE LONGITUD FIJA--INFORMACIÓN GENERAL
campo de control de longitud fija 190801s2001 dr 000 spa d
040 ## - FUENTE DE LA CATALOGACIÓN
Centro catalogador/agencia de origen DO-SdBNP
Lengua de catalogación spa
Centro/agencia transcriptor BNPHU
Normas de descripción rda
082 #4 - NÚMERO DE LA CLASIFICACIÓN DECIMAL DEWEY
Número de clasificación 347.729305
Número de documento/Ítem C669
Número de edición 22
245 #0 - MENCIÓN DE TÍTULO
Título Código penal de la República Dominicana :
Resto del título modificado por ley 24-97, incluye ley 36-00.
264 ## - PRODUCCIÓN, PUBLICACIÓN, DISTRIBUCIÓN, FABRICACIÓN Y COPYRIGHT
Producción, publicación, distribución, fabricación y copyright Santo Domingo :
Nombre del de productor, editor, distribuidor, fabricante editor no identificado,
Fecha de producción, publicación, distribución, fabricación o copyright 2001.
300 ## - DESCRIPCIÓN FÍSICA
Extensión 188 páginas ;
Dimensiones 21 cm.
336 ## - TIPO DE CONTENIDO
Término de tipo de contenido texto
Código de tipo de contenido txt
Fuente rdacontent
337 ## - TIPO DE MEDIO
Nombre/término del tipo de medio sin mediación
Código del tipo de medio n
Fuente rdamedia
338 ## - TIPO DE SOPORTE
Nombre/término del tipo de soporte volumen
Código del tipo de soporte nc
Fuente rdacarrier
500 ## - NOTA GENERAL
Nota general Incluye referencias bibliográficas y notas al pie de las páginas
590 ## - NOTA LOCAL (RLIN)
Nota local Inventariado, 2019 / DG
650 #0 - PUNTO DE ACCESO ADICIONAL DE MATERIA--TÉRMINO DE MATERIA
Término de materia o nombre geográfico como elemento de entrada Derecho penal
Subdivisión general Legislación
9 (RLIN) 17405
910 ## - DATOS DE OPCIÓN DEL USUARIO (OCLC)
Datos de opción del usuario D/G
942 ## - ELEMENTOS DE PUNTO DE ACCESO ADICIONAL (KOHA)
Fuente del sistema de clasificación o colocación Dewey Decimal Classification
Tipo de ítem Koha Libro
Existencias
Estado de retiro Estado de pérdida Fuente del sistema de clasificación o colocación Restricciones de uso No para préstamo Código de colección Localización permanente Ubicación/localización actual Ubicación en estantería Fecha de adquisición Fuente de adquisición Total de préstamos Signatura topográfica completa Código de barras Fecha visto por última vez Precio válido a partir de Tipo de ítem Koha
    Dewey Decimal Classification Excluido de préstamo   Patrimonio Dominicano Biblioteca Nacional Pedro Henríquez Ureña Biblioteca Nacional Pedro Henríquez Ureña Depósito 01.08.2019 Donado por Rafael Grullón   BNPHU PD 347.729305 C669 49247-10 25.06.2020 25.06.2020 Libro

Con tecnología Koha